Population bulletin of the United Nations. No. 6, 1962 / (Record no. 36536)
[ view plain ]
| 000 -LEADER | |
|---|---|
| fixed length control field | 00772nam a22002297a 4500 |
| 001 - CONTROL NUMBER | |
| control field | 36536 |
| 003 - CONTROL NUMBER IDENTIFIER | |
| rucl marc code | BD-RjUL |
| 005 - DATE AND TIME OF LATEST TRANSACTION | |
| control field | 20211209052512.0 |
| 008 - FIXED-LENGTH DATA ELEMENTS--GENERAL INFORMATION | |
| fixed length control field | 140625s1963 nyua|||| |||| 00| 0 eng d |
| 035 ## - SYSTEM CONTROL NUMBER | |
| System control number | (BD-RjUL)36636 |
| 040 ## - CATALOGING SOURCE | |
| Original cataloging agency | BD-RjUL |
| Language of cataloging | eng |
| Transcribing agency | BD-RjUL |
| 041 ## - LANGUAGE CODE | |
| Language code of text/sound track or separate title | eng |
| 082 04 - DEWEY DECIMAL CLASSIFICATION NUMBER | |
| Edition number | 21 |
| Classification number | 304.6072 |
| Author mark and year | UNP 1963 |
| 110 2# - MAIN ENTRY--CORPORATE NAME | |
| Corporate name or jurisdiction name as entry element | United Nations. |
| Subordinate unit | Department of Economic and Social Affairs. |
| 9 (RLIN) | 111272 |
| 245 20 - TITLE STATEMENT | |
| Title | Population bulletin of the United Nations. No. 6, 1962 / |
| Statement of responsibility, etc. | United Nations. Department of Economic and Social Affairs. |
| 260 ## - PUBLICATION, DISTRIBUTION, ETC. (IMPRINT) | |
| Place of publication, distribution, etc. | New York : |
| Name of publisher, distributor, etc. | United Nations, |
| Date of publication, distribution, etc. | 1963. |
| 300 ## - PHYSICAL DESCRIPTION | |
| Pagination | iii, 210 p. : |
| Illustrations | ill. ; |
| Size | 28 cm. |
| 650 #0 - SUBJECT ADDED ENTRY--TOPICAL TERM | |
| Topical term or geographic name as entry element | Population |
| Form subdivision | Statistics. |
| 9 (RLIN) | 5713 |
| Topical term or geographic name as entry element | Mortality |
| Form subdivision | Statistics. |
| 9 (RLIN) | 111261 |
| Topical term or geographic name as entry element | Mortality. |
| 9 (RLIN) | 111262 |
| 942 ## - ADDED ENTRY ELEMENTS (KOHA) | |
| Source of classification or shelving scheme | Dewey Decimal Classification |
| Koha item type | Books |
| Lost status | Source of classification or shelving scheme | Damaged status | Not for loan | Collection code | Permanent Location | Current Location | Shelving location | Date acquired | Source of acquisition | Cost, normal purchase price | Total Checkouts | Full call number | Date last seen | Copy number | Koha item type |
|---|---|---|---|---|---|---|---|---|---|---|---|---|---|---|---|
| Dewey Decimal Classification | Not For Loan | Non-fiction | Central Library, University of Rajshahi | Central Library, University of Rajshahi | Reading Room | 25/06/1965 | Population Council. | 0.00 | 304.6072 UNP 1963 | 25/06/2014 | C-1 | Books |